| 000 | 00817nam a2200229 a 4500 | ||
|---|---|---|---|
| 001 | BRCA_5986 | ||
| 005 | 20190320205305.0 | ||
| 008 | 290311s1872----fr-#######---#000-0#fre-# | ||
| 041 | _afre | ||
| 044 | _afr | ||
| 050 | 4 |
_aN6852 _b.B47 1872 |
|
| 100 | 1 |
_aBerard, A. _d1806-1873 _915121 |
|
| 245 | 1 | 0 |
_aDictionnaire biographique des artistes francais du XIIe au XVIIe siécle, suivi d’une table chronologique et alphabétique comprenant en vingt classes les arts mentionneìs dans l’ouvrage _cA. Berard. |
| 260 |
_aParís _bJ. B. Dumoulin _c1872 |
||
| 300 |
_axv, 863 p. _c22 cm. |
||
| 500 | _aDiccionario inventariado por Banco de México como libro | ||
| 500 | _aG99 | ||
| 650 | 1 | 4 |
_aArtistas franceses _vDiccionarios _915122 |
| 650 | 1 | 4 |
_aEnciclopedias y diccionarios _99441 |
| 902 | _aGFM | ||
| 942 |
_2lcc _cB |
||
| 999 |
_c5675 _d5675 |
||